Actors on multiple Agatha Christie adaptations - Statistics

General Stats
  • This quiz has been taken 20 times
  • The average score is 9 of 40
Answer Stats
Characters and year of the adaptations Answer % Correct
Inspector Japp (1985), Hercule Poirot (1989-2013) David Suchet
86%
Emmy (1937), Mrs Kidder (1961), Mrs Rivington (1980), Miss Marple (1984-1992) Joan Hickson
50%
Miss Bowers (1978), Daphne Castle (1982) Maggie Smith
50%
Miss Blacklock (2005), Ariadne Oliver (2005-2013) Zoë Wanamaker
43%
Salome Otterbourne (1978), Miss Marple (1980) Angela Lansbury
36%
Mrs Van Schuyler (1978), Carrie Louise Serrocold (1985) Bette Davis
36%
Louise Bourget (1978), Christine Redfern (1982) Jane Birkin
36%
Ronald Marsh (1985), Leo Argyll (2018) Bill Nighy
29%
Hercule Poirot (1928, 1932), Alexander Bonaparte Cust (1943), Wilfrid Robarts (1957) Charles Laughton
29%
Christine Vole (1982), Arlena Stuart Marshall (1982) Diana Rigg
29%
Miss Bellaver (1985), Salome Otterbourne (2004), Mrs. Maud Dane Calthrop (2006) Frances de la Tour
29%
Lavinia Fullerton (1982), Miss Marple (1983, 1985) Helen Hayes
29%
Samuel Ratchett (2010), John Mayhew (2016), Hugh Norreys (2020) Toby Jones
29%
Ella Zielinsky (1980), Mrs Fane (2006) Geraldine Chaplin
21%
Derek Kettering (2005), Jerry Burton (2006) James D'Arcy
21%
Harriet Hubbard (1974), Lady Westholme (1988) Lauren Bacall
21%
Angela Warren (2003), Megan Hunter (2006) Talulah Riley
21%
Phillip Blake (2003), George Pritchard (2010), Edward Armstrong (2015) Toby Stephens
21%
Martin N. Fenn (1980), Charles Cartwright (1986) Tony Curtis
21%
Hugh Hornbeam (2006), Stephen Norton (2013) Aidan McArdle
14%
Rachel Argyle (1984), Jane Wilkinson (1985) Faye Dunaway
14%
Simon Doyle (2004), Paul Osbourne (2010) JJ Feild
14%
Inspector Tom Campbell (2004), Dr Gerard (2009) John Hannah
14%
Chief Attendant (1974), Edwards (1984), Hercule Poirot (1987-2007) John Moffatt
14%
Countess Helena Andrenyi (2017), Lady Frankie Derwent (2022) Lucy Boynton
14%
Ronald Hawes (2004), Leonard Boynton (2008) Mark Gatiss
14%
Patrick Simmons (2005), Philip Durrant (2018) Matthew Goode
14%
Romaine (2002), Mrs Price-Ridley (2004) Miriam Margolyes
14%
Valerie Saintclair (1989), Emma Crackenthorpe (2004) Niamh Cusack
14%
Carrie Louise Serrocold (2010), Miss Pinkerton (2023) Penelope Wilton
14%
Caroline Crale (2003), Griselda Clement (2004) Rachael Stirling
14%
Bobby Argyle (2007), Raymond Boynton (2008), Lord Whitfield (2023) Tom Riley
14%
Hercule Poirot (1961), Rev. Edward Chicester (1988) Tony Randall
14%
Miss Blake (2008), Clemency Leonides (2017) Amanda Abbington
7%
Mary Dove (2008), Elizabeth Cole (2013) Helen Baxendale
7%
Edward Masterman (2010), Inspector Hewitt (2011) Hugh Bonneville
7%
Mary Gerrard (2003), Rowena Drake (2023) Kelly Reilly
7%
Mary Durant (1984), Lady Angkatell (2004) Sarah Miles
7%
Lettice Protheroe (2004), Sarah King (2009), Mrs Sprot (2015) Christina Cole
0%
Adelaide Jefferson (2004), Vera Claythorne (2005), Lady Hermione Clarke (2015) Tara Fitzgerald
0%
No matching quizzes found
Score Distribution
Percent of People with Each Score
Percentile by Number Answered
Your Score History
You have not taken this quiz